header

Designing for social change (Record no. 92777)

MARC details
000 -LEADER
fixed length control field 01514nam a2200373 a 4500
082 04 - DEWEY DECIMAL CLASSIFICATION NUMBER
Classification number 741.6
100 1# - MAIN ENTRY--AUTHOR NAME
Personal name Shea, Andrew,
245 10 - TITLE STATEMENT
Title Designing for social change
250 ## - EDITION STATEMENT
Edition statement 1st ed.
260 ## - PUBLICATION, DISTRIBUTION, ETC. (IMPRINT)
Place of publication New York, N.Y. :
Name of publisher Princeton Architectural Press,
Year of publication c2012.
300 ## - PHYSICAL DESCRIPTION
Number of Pages 167 p. :
Other physical details col. ill.
490 1# - SERIES STATEMENT
Series statement Design briefs : essential texts on design
650 #0 - SUBJECT ADDED ENTRY--TOPICAL TERM
Topical Term Graphic arts
Topical Term Community arts projects.
700 1# - ADDED ENTRY--PERSONAL NAME
Personal name Drenttel, William.
Personal name Lupton, Ellen.
856 40 - ELECTRONIC LOCATION AND ACCESS
Uniform Resource Identifier http://site.ebrary.com/lib/rucke/Doc?id=10553299

No items available.

© 2026 Rongo University
Contact us: librarian | system librarian | Rongo university